Guess the Taylor Swift Song with no hints #1 - Statistics

General Stats
  • This quiz has been taken 118 times
  • The average score is 169 of 321
Answer Stats
Answer % Correct
I
100%
you
96%
you,
96%
You
96%
it
90%
It
90%
the
90%
an
89%
And
88%
and
88%
me
85%
we
85%
to
84%
To
84%
in
81%
Your
81%
your
81%
that
79%
be
78%
he
77%
my
77%
Who
77%
do
74%
of
74%
what
73%
so
71%
So
71%
for
70%
but
68%
If
68%
if
68%
were
68%
All
64%
just
64%
Just
64%
like
63%
Like
63%
say
59%
Say
59%
by
58%
Can
56%
this
56%
Too
56%
have
53%
Could
52%
know
52%
not
51%
want
51%
with
51%
can't
49%
loved
49%
As
48%
said
48%
us
47%
you've
47%
from
45%
or
45%
youll
45%
some
44%
out
42%
way
42%
would
41%
Would
41%
heart
40%
our
40%
saw
37%
didnt
34%
always
33%
could'nt
33%
appart
32%
Cause
32%
happen
32%
into
32%
never
32%
apart
30%
break
29%
cold
29%
things
29%
time
29%
watch
29%
Will
29%
Down
27%
Sam
26%
apartment
25%
Chloe
25%
Hands
25%
Marcus
25%
tear
25%
watched
25%
Sophia
23%
wonder
23%
wonder?
23%
wouldve
23%
new
22%
back
21%
more
21%
Named
21%
wondered
21%
hologram
19%
somebody
19%
stumbled
19%
world
19%
needed
18%
drugs
16%
fools
16%
make
16%
turned
16%
bones
15%
darkness
15%
eye
15%
hair
15%
idea
15%
bullied
14%
changed
14%
Changed
14%
unabsorb
14%
decades
12%
school
12%
sorts
12%
goddesses
11%
many
11%
play
11%
enough
10%
kids
10%
happened
8%
internet
8%
lovers
8%
seemed
8%
sell
8%
float
7%
memory
7%
orbit
7%
outfits
7%
plans
7%
scarlet
7%
starlet
7%
glint
5%
horses
5%
maroon
5%
moment
5%
outrun
5%
passage
5%
watching
5%
depths
4%
fade
4%
force
4%
phantoms
4%
rules
4%
traced
4%
wild
4%
Cooler
3%
crashed
3%
desertion
3%
impaired
3%
theory
3%
villains
3%
wrecks
3%
youth
3%
sigh
1%
No matching quizzes found
Score Distribution
Percent of People with Each Score
Percentile by Number Answered
Your Score History
You have not taken this quiz